000 01923nam a2200433 c 4500
999 _c172286
_d172286
003 BLK
005 20220210152806.0
008 180411b bul|||||r ||||||| ||bul||
010 _aKNG00180604000
040 _aBLK
041 _aBUL
_cBUL
072 7 _2bullib
_aК
_xКраезнание
072 7 _2bullib
_aН63
_xСелско стопанство Н
072 7 _2bullib
_aРА
_xРусенски автори
080 _aСелскостопански мелиорации
_b631.6
_x(497.215)
_z631.6(497.215)
080 _aМелиоративно строителство. Селскостопанска хидротехника
_b626.8
_x(497.215)
_z626.8(497.215)
100 1 _aТинчев, Тинко
_eпърви автор
_9382405
139 _aТинчев, Тинко и др.
245 1 0 _aДела на русенските хидромелиоратори
_cТинко Тинчев; съавт. Митре Александров Стаменов.
250 _a2. прераб. изд.
257 _aBGR
260 _bАбагар
_c2014
300 _a44 с.
_c22Х23 см
380 _a62
500 _aИзд. на Напоителни системи ЕАД - клон Русе. - 1. изд. 1990 на Булгарреклама - София с авт. Митре Стаменов и Тинко Тинчев.
650 4 _aМелиорации, селскостопански
_9318441
650 4 _aРусе - селско стопанство
_9337517
651 4 _aРусе
_9179462
651 4 _aБългария
_9241624
653 _aхидромелиорации
659 _aК
659 _aН
700 1 _aСтаменов, Митре Александров
_eсъавт.
_9369546
852 _aЦб 276305
852 _aК 63/Т 57 Т
856 4 _qpdf
856 4 _qpdf
942 _cKNG
_n0
_s1
944 _aCR
_c28.08.2015
_lф /
_kВиолета_Тройчева
944 _aED
_c26.04.2017
_lф /
_kЛюдмила_Стоянова
999 _d172286